| 000 | 00576nam a2200181 i 4500 | ||
|---|---|---|---|
| 001 | 94493 | ||
| 003 | ES-MaACL | ||
| 005 | 20251129063052.0 | ||
| 007 | t| | ||
| 008 | 050506s1945 sp ||||1| spa d | ||
| 100 | 1 |
_aLorenzo-Velázquez, B., _d1901-1985 _974198 |
|
| 245 | 1 | 0 |
_aTerapéutica con sus fundamentos de farmacología experimental / _cpor el Prof. Dr. Benigno Lorenzo-Velázquez. |
| 250 | _a4ª ed. | ||
| 260 |
_aAvila : _bSenen Martín, _c1945. |
||
| 300 |
_a2 v. : _bil. ; _c25 cm. |
||
| 852 |
_aES-MaACL _jE-1041-42 _bR.21714 |
||
| 999 |
_c94493 _d94493 |
||